Pays du monde: faits insolites #1 - Statistiques

Statistiques générales
  • Ce quiz a été pris 69 fois
    64 depuis la dernière actualisation
  • Le résultat moyen est 5 sur 10
Statistiques - réponses
Question Réponse % Correct
Ce pays a un drapeau non rectangulaire Népal
86%
Ce pays n’a pas d’armée Islande
83%
Ce pays a plus de moutons que d’habitants. Nouvelle-Zélande
73%
Dans ces pays, la capitale n’est pas la plus grande ville Tous
73%
Ce pays possède le plus de volcans actifs au monde Indonésie
66%
Dans ce pays, certains distributeurs automatiques vendent des fruits Japon
39%
Dans ces pays, il y a plus de vélos que d’habitants Les deux
29%
Ce pays a officiellement changé de nom au cours de son histoire récente Les deux
17%
Dans ce pays, il est interdit de mourir dans certaines villes Norvège
15%
Dans ce pays, il existe une ville partiellement souterraine Australie
12%
Aucun quiz correspondant
Distribution des résultats
% des personnes avec chaque résultat
Percentile par nombre de réponses
Votre historique - résultats
Vous n’avez pas pris ce quiz depuis la dernière actualisation